000 00312nam a22001457a 4500
008 221017b ||||| |||| 00| 0 eng d
020 _a9780764596490
041 _aeng
080 _a004
082 _a004
100 _a19
101 _ashk
245 _aDremaweaver for Dummies
_cWARNER J
942 _2udc
_cBK
999 _c58586
_d58586